000
00228 a2200097 4500
001
45719
100
_a
Pascoe L
245
_a
Encyclopedia of dates and events
260
_a
London
_b
English university
_c
090
_c
28879
_d
28879
942
_a
NUST-CAE
_c
M
_c
20978
999
_c
280792
_d
280792